000 00569nam a22002057a 4500
001 BD-DhSAU 479
003 BD-DhSAU
005 20150101000016.0
008 141231b xxu||||| |||| 00| 0 eng d
040 _cBD-DhSAU
082 _222
_a630.5492
_bALC
100 _aAlim,D.A.
245 _aA century of agriculture development in bangladesh/
260 _aDhaka:
_bFakir tuslimuddin kazal shabdakoli printers;
300 _a80 p.:
_c21 cm.
504 _aInclude bibliography
590 _aIMRAN
650 _aAgronomy
650 _aAgriculture development
_zBangladesh
942 _2ddc
_cBOOK
999 _c479
_d479